Closing the loop (Record no. 103737)
[ view plain ]
| 000 -LEADER | |
|---|---|
| fixed length control field | 01405cam a2200325 4500 |
| 008 - FIXED-LENGTH DATA ELEMENTS--GENERAL INFORMATION | |
| fixed length control field | 040913n2004 000 0 eng u |
| 020 ## - INTERNATIONAL STANDARD BOOK NUMBER | |
| International Standard Book Number | 1859461182 |
| 035 ## - SYSTEM CONTROL NUMBER | |
| System control number | (Sirsi) u127328 |
| 041 ## - LANGUAGE CODE | |
| Language code of text/sound track or separate title | eng |
| 050 ## - LIBRARY OF CONGRESS CALL NUMBER | |
| Classification number | 333.72 |
| -- | 18 |
| 100 ## - MAIN ENTRY--PERSONAL NAME | |
| Personal name | Roaf, Susan |
| 245 ## - TITLE STATEMENT | |
| Title | Closing the loop |
| Remainder of title | benchmarks for sustainable buildings |
| 260 ## - PUBLICATION, DISTRIBUTION, ETC. | |
| Place of publication, distribution, etc. | London |
| Name of publisher, distributor, etc. | RIBA |
| Date of publication, distribution, etc. | 2004 |
| 300 ## - PHYSICAL DESCRIPTION | |
| Extent | 531p. |
| Dimensions | 25cm. |
| 350 ## - PRICE (NR) (BK AM CF MU VM SE) [OBSOLETE] | |
| Price | 29.95 |
| 520 ## - SUMMARY, ETC. | |
| Summary, etc. | This book sets out the benchmarks for sustainable building performance in the UK to help designers, developers and occupants monitor and evaluate their buildings. Looks in detail at a wide range of social and environmental indicators and examines solutions such as building insulation, renewable energy, sustainable products and materials, and environmental management schemes. Concludes by covering many of the established analysis tools such as environmental impact assessment, life cycle analysis, and BREEAM. References. |
| 650 ## - SUBJECT ADDED ENTRY--TOPICAL TERM | |
| Topical term or geographic name entry element | BENCHMARKING |
| 650 ## - SUBJECT ADDED ENTRY--TOPICAL TERM | |
| Topical term or geographic name entry element | ENVIRONMENTAL IMPACT ASSESSMENTS |
| 650 ## - SUBJECT ADDED ENTRY--TOPICAL TERM | |
| Topical term or geographic name entry element | LIFE CYCLE ANALYSIS |
| 650 ## - SUBJECT ADDED ENTRY--TOPICAL TERM | |
| Topical term or geographic name entry element | SUSTAINABLE BUILDINGS |
| 650 ## - SUBJECT ADDED ENTRY--TOPICAL TERM | |
| Topical term or geographic name entry element | SUSTAINABLE DEVELOPMENT |
| 650 ## - SUBJECT ADDED ENTRY--TOPICAL TERM | |
| Topical term or geographic name entry element | ENVIRONMENTAL INDICATORS |
| 650 ## - SUBJECT ADDED ENTRY--TOPICAL TERM | |
| Topical term or geographic name entry element | GREEN BUILDINGS |
| 650 ## - SUBJECT ADDED ENTRY--TOPICAL TERM | |
| Topical term or geographic name entry element | ENERGY EFFICIENT BUILDINGS |
| 690 ## - LOCAL SUBJECT ADDED ENTRY--TOPICAL TERM (OCLC, RLIN) | |
| Topical term or geographic name as entry element | BUILT ENVIRONMENT-SUSTAINABLE CONSTRUCTION |
| 700 ## - ADDED ENTRY--PERSONAL NAME | |
| Personal name | Horsley, Andrew |
| 700 ## - ADDED ENTRY--PERSONAL NAME | |
| Personal name | Gupta, Rajat |
| 942 ## - ADDED ENTRY ELEMENTS (KOHA) | |
| Suppress in OPAC | 0 |
| Withdrawn status | Lost status | Source of classification or shelving scheme | Damaged status | Not for loan | Home library | Current library | Shelving location | Date acquired | Cost, normal purchase price | Total Checkouts | Full call number | Barcode | Date last seen | Date last checked out | Copy number | Cost, replacement price | Price effective from | Koha item type |
|---|---|---|---|---|---|---|---|---|---|---|---|---|---|---|---|---|---|---|
| Dewey Decimal Classification | London | London | Books | 14/10/2004 | 25.46 | 28 | 333.72 ROA | 30069586 | 06/08/2019 | 20/04/2009 | 1 | 25.46 | 06/08/2019 | Book |